000 00448nam a2200169 a 4500
001 0000-9263
003 ELIB.Books
008 110520 1981
035 _a(ELIB.Books)0000-9415
082 _a227.97
_bHes
100 _aHesselgrave, David J.
245 _aWhat in the World has gotton into the Church?
260 _bChicago: Moody Press
_c1981
650 _aNew Testament
942 _2ddc
_cBK
998 _cbat
_e2011-05-20
999 _c9263
_d9263